Loading...
| Philosophy | 0 | 5 | 0 | 0 | 50 | 81 | 91.40 | 1 | 2 | 10.62 | 23.94 |
| Fine Arts - Classical Music | 0 | 4 | 0 | 0 | 40 | 73 | 90.25 | 0 | 0 | 10.59 | 24.77 |
| History - World | 0 | 4 | 1 | 2 | 35 | 42 | 97.75 | 0 | 0 | 9.17 | 13.33 |
| History - Other | 0 | 3 | 0 | 0 | 30 | 72 | 82.67 | 0 | 1 | 11.08 | 22.50 |
| History - American | 0 | 3 | 0 | 1 | 30 | 57 | 84.67 | 0 | 2 | 9.90 | 20.83 |
| History - European | 0 | 3 | 0 | 1 | 30 | 52 | 73.33 | 0 | 1 | 12.12 | 15.61 |
| Fine Arts - Painting and Sculpture | 0 | 2 | 0 | 0 | 20 | 85 | 98.50 | 0 | 0 | 5.06 | 9.17 |
| Science - Biology | 0 | 2 | 0 | 0 | 20 | 85 | 99.50 | 0 | 1 | 3.50 | 10.83 |
| Mythology | 0 | 2 | 0 | 0 | 20 | 49 | 51.50 | 0 | 0 | 11.89 | 14.17 |
| Other Academic | 0 | 2 | 0 | 1 | 20 | 93 | 109.00 | 0 | 0 | 5.13 | 16.67 |
| Religion | 0 | 2 | 1 | 0 | 15 | 85 | 90.00 | 1 | 2 | 3.19 | 15.83 |
| Science - Other | 0 | 2 | 1 | 0 | 15 | 42 | 63.50 | 1 | 1 | 7.70 | 14.17 |
| Current Events | 0 | 1 | 0 | 0 | 10 | 44 | 44.00 | 0 | 0 | 32.95 | 37.50 |
| Literature - American | 0 | 1 | 0 | 0 | 10 | 140 | 140.00 | 0 | 0 | 0.00 | 3.33 |
| Literature - World | 0 | 1 | 0 | 0 | 10 | 33 | 33.00 | 0 | 1 | 7.42 | 9.17 |
| Science - Chemistry | 0 | 1 | 0 | 0 | 10 | 97 | 97.00 | 0 | 0 | 2.05 | 7.50 |
| Social Science | 0 | 1 | 1 | 0 | 5 | 84 | 84.00 | 0 | 0 | 3.00 | 7.50 |
| Popular Culture | 0 | 0 | 1 | 0 | -5 | 0.00 | 0 | 0 | 0.00 | 0.00 | |
| Fine Arts - Other | 0 | 0 | 2 | 0 | -10 | 0.00 | 0 | 0 | 0.00 | 0.00 |